A atividade de inteligência em defesa agropecuária como ferramenta de apoio ao desenvolvimento e segurança da agropecuária nacional (Registro n. 327888)
[ somente texto ]
| 000 -LÍDER | |
|---|---|
| fixed length control field | 01062nab a2200289 4500 |
| 003 - CÓDIGO MARC DA AGÊNCIA CATALOGADORA | |
| Campo de controle | BR-BrBNA |
| 005 - DATA E HORA DA ÚLTIMA ATUALIZAÇÃO | |
| Campo de controle | 20240930235538.0 |
| 008 - CAMPO DE TAMANHO FIXO | |
| fixed length control field | 240930b bl.||||| |||| 00| 0 por d |
| 040 ## - FONTE DA CATALOGAÇÃO | |
| Agência catalogadora | BR-BrBNA |
| Idioma da catalogação | por |
| 072 ## - CATEGORIA AGRIS | |
| Código AGRIS | D10 ; H01 |
| 100 ## - ENTRADA PRINCIPAL - NOME PESSOAL | |
| Nome pessoal | Marzall, Katia |
| 245 ## - TÍTULO PRINCIPAL | |
| Título principal | A atividade de inteligência em defesa agropecuária como ferramenta de apoio ao desenvolvimento e segurança da agropecuária nacional |
| 500 ## - NOTA GERAL | |
| Nota geral | 5 illus. |
| 942 ## - ADDED ENTRY ELEMENTS (KOHA) | |
| Koha item type | Analítica |
| 650 ## - ASSUNTO - THESAGRO | |
| Cabeçalho tópico ou nome geográfico | DEFESA VEGETAL |
| 650 ## - ASSUNTO - THESAGRO | |
| Cabeçalho tópico ou nome geográfico | DEFESA ANIMAL |
| 650 ## - ASSUNTO - THESAGRO | |
| Cabeçalho tópico ou nome geográfico | ANÁLISE DE RISCO |
| 650 ## - ASSUNTO - THESAGRO | |
| Cabeçalho tópico ou nome geográfico | ANÁLISE DE DADOS |
| 650 ## - ASSUNTO - THESAGRO | |
| Cabeçalho tópico ou nome geográfico | PROCESSAMENTO DA INFORMAÇÃO |
| 650 ## - ASSUNTO - THESAGRO | |
| Cabeçalho tópico ou nome geográfico | FLUXO DA INFORMAÇÃO |
| 650 ## - ASSUNTO - THESAGRO | |
| Cabeçalho tópico ou nome geográfico | PLANEJAMENTO ESTRATÉGICO |
| 650 ## - ASSUNTO - THESAGRO | |
| Cabeçalho tópico ou nome geográfico | GESTÃO |
| 650 ## - ASSUNTO - THESAGRO | |
| Cabeçalho tópico ou nome geográfico | ADMINISTRAÇÃO |
| 650 ## - ASSUNTO - THESAGRO | |
| Cabeçalho tópico ou nome geográfico | TOMADA DE DECISÃO |
| 773 0# - ENTRADA ANALÍTICA | |
| Host Biblionumber | 4945 |
| Registro do item | 316934 |
| Imprenta | Brasília-DF Ministério da Agricultura, Pecuária e Abastecimento . Secretaria de Defesa Agropecuária 2022 - |
| Outro identificador | 2024-3481 |
| Título | Revista da Defesa Agropecuária (Brazil) |
| Colação | v. 1(2) p. 36-41; (Jun 2023) |
| Número de controle de registro | BR2024002768 |
Nenhum exemplar disponível.

BINAGRI